[Event "DEM U12 2011"]
[Site "Oberhof GER"]
[Date "2011.06.16"]
[Round "8"]
[White "Kast, Larissa"]
[Black "Zech, Anna"]
[Result "1-0"]
[Termination "normal"]
[Board "40"]
[WhiteElo "1158"]
[BlackElo "957"]
[PlyCount "113"]
[WhiteFideId "24699055"]
[BlackFideId "12909424"]
[EventCountry "GER"]
[EventRounds "11"]
[EventType "swiss"]
[EventDate "2011.06.11"]

1. e4 Nf6 2. Nc3 d5 3. exd5 Nxd5 4. Bc4 Nb6 5. Bb3 e5 6. Qh5 Qe7 7. Nge2 g6 8.
Qf3 Bg7 9. d3 O-O 10. O-O Nc6 11. Re1 Bd7 12. Nf4 Nd4 13. Qg3 Qf6 14. Nfd5 Nxd5
15. Nxd5 Qd6 16. Ne3 Nxb3 17. axb3 Rfe8 18. Nc4 Qf6 19. Bg5 Qe6 20. d4 e4 21.
c3 Qg4 22. Qxg4 Bxg4 23. Bf4 Re7 24. f3 Bf5 25. g4 Bd7 26. h3 Bc6 27. Nd2 Rae8
28. fxe4 Bxe4 29. Nxe4 Rxe4 30. Rxe4 Rxe4 31. Bxc7 a6 32. Kf2 Bf6 33. Kf3 Re6
34. d5 Re7 35. d6 Rd7 36. Rd1 Bd8 37. Bxd8 Rxd8 38. c4 b6 39. Ke4 f6 40. Kd5
Kf7 41. Re1 Rd7 42. Kc6 Rd8 43. Kc7 Re8 44. Rxe8 Kxe8 45. d7+ Ke7 46. d8=Q+ Ke6
47. Qd5+ Ke7 48. Qd6+ Ke8 49. Qe6+ Kf8 50. Kd7 Kg7 51. Qxb6 Kf7 52. Qe6+ Kg7
53. Qe7+ Kh6 54. Qxf6 a5 55. g5+ Kh5 56. Qf4 a4 57. Qg4# 1-0

[Event "DEM U12 2011"]
[Site "Oberhof GER"]
[Date "2011.06.16"]
[Round "8"]
[White "Oberhofer, Marie"]
[Black "Usczeck, Alina"]
[Result "1/2-1/2"]
[Termination "normal"]
[Board "41"]
[WhiteElo "1068"]
[BlackElo "1219"]
[PlyCount "42"]
[WhiteFideId "12938165"]
[BlackFideId "12938114"]
[EventCountry "GER"]
[EventRounds "11"]
[EventType "swiss"]
[EventDate "2011.06.11"]

1. e4 e5 2. Nf3 Nf6 3. Nc3 Nc6 4. Bc4 Nxe4 5. Nxe4 d5 6. Bxd5 Qxd5 7. d3 Bf5 8.
Nc3 Qd7 9. O-O Bd6 10. Re1 O-O 11. Bd2 Rfe8 12. Rc1 Qe6 13. d4 Qf6 14. Nd5 Qd8
15. dxe5 Nxe5 16. Nxe5 Bxe5 17. Bc3 Bd6 18. Rxe8+ Qxe8 19. Ne3 Bd7 20. Qd4 Qf8
21. Nc4 Be6 1/2-1/2

[Event "DEM U12 2011"]
[Site "Oberhof GER"]
[Date "2011.06.16"]
[Round "8"]
[White "Möller, Hannah"]
[Black "Schröder, Janina"]
[Result "1/2-1/2"]
[Termination "normal"]
[Board "42"]
[WhiteElo "1204"]
[BlackElo "1065"]
[PlyCount "47"]
[WhiteFideId "1270514"]
[BlackFideId "24693138"]
[EventCountry "GER"]
[EventRounds "11"]
[EventType "swiss"]
[EventDate "2011.06.11"]

1. c4 e5 2. Nc3 Nf6 3. g3 Bb4 4. e3 d5 5. cxd5 Nxd5 6. Nge2 Nc6 7. Bg2 Be6 8.
O-O O-O 9. a3 Nxc3 10. Nxc3 Bxc3 11. dxc3 Qxd1 12. Rxd1 Rfd8 13. Rf1 Bd5 14. e4
Bc4 15. Re1 h6 16. Be3 b6 17. f4 exf4 18. Bxf4 Rd7 19. e5 Bd5 20. Red1 Rad8 21.
Rd2 Bxg2 22. Rxd7 Rxd7 23. Kxg2 Ne7 24. Rb1 1/2-1/2

[Event "DEM U12 2011"]
[Site "Oberhof GER"]
[Date "2011.06.16"]
[Round "8"]
[White "Torgashov, Katerina"]
[Black "Richardt, Angelina"]
[Result "1/2-1/2"]
[Termination "normal"]
[Board "43"]
[WhiteElo "1043"]
[BlackElo "1146"]
[PlyCount "86"]
[WhiteFideId "12938173"]
[BlackFideId "12938149"]
[EventCountry "GER"]
[EventRounds "11"]
[EventType "swiss"]
[EventDate "2011.06.11"]

1. e4 c5 2. Nc3 Nc6 3. f4 g6 4. Nf3 Bg7 5. Bb5 d6 6. d3 Bd7 7. Bxc6 Bxc6 8. Be3
b6 9. Qd2 e6 10. Qe2 Ne7 11. g3 d5 12. exd5 exd5 13. d4 c4 14. O-O O-O 15. Ne5
Bb7 16. Rae1 Qc8 17. a3 Qh3 18. Qg2 Qxg2+ 19. Kxg2 Nf5 20. h3 Nxe3+ 21. Rxe3
Rfe8 22. Nb5 Red8 23. Ree1 a6 24. Nc3 Re8 25. b3 cxb3 26. cxb3 Rac8 27. Rc1 f6
28. Nf3 Bf8 29. a4 Bb4 30. Na2 Ba3 31. Rxc8 Rxc8 32. g4 a5 33. g5 f5 34. Kg3
Ba6 35. Rf2 Bd3 36. Ne1 Bb1 37. Kg2 Be4+ 38. Kh2 Bd6 39. Kg1 Kg7 40. h4 Re8 41.
Kf1 Rc8 42. Re2 Re8 43. Rf2 Rc8 1/2-1/2

[Event "DEM U12 2011"]
[Site "Oberhof GER"]
[Date "2011.06.16"]
[Round "8"]
[White "Boussonville, Anna"]
[Black "Niedwetzki, Jan Daniel"]
[Result "0-1"]
[Termination "normal"]
[Board "44"]
[WhiteElo "996"]
[BlackElo "1120"]
[PlyCount "96"]
[WhiteFideId "12929689"]
[BlackFideId "12938157"]
[EventCountry "GER"]
[EventRounds "11"]
[EventType "swiss"]
[EventDate "2011.06.11"]

1. e4 e6 2. d3 d5 3. Nd2 Nf6 4. g3 b6 5. Bg2 Bb7 6. Ne2 Bc5 7. h3 c6 8. O-O Qc7
9. Kh1 b5 10. b3 Qb6 11. Qe1 Na6 12. a3 b4 13. a4 d4 14. Nc4 Qc7 15. Bf4 Qd7
16. Kh2 h6 17. Bf3 g5 18. Be5 Ke7 19. Bxf6+ Kxf6 20. Rg1 h5 21. g4 h4 22. Rb1
Kg7 23. Ra1 Rhf8 24. Qd2 Kh6 25. Rae1 Qc7+ 26. Kg2 f6 27. Rd1 Kg7 28. Rde1 Kf7
29. Rd1 Rg8 30. Rde1 Raf8 31. Rh1 Ke8 32. Kg1 Kd8 33. Kf1 Kc8 34. Rb1 Kb8 35.
Ke1 f5 36. gxf5 exf5 37. e5 Ka8 38. Kd1 Nb8 39. Kc1 Nd7 40. Rg1 Be7 41. Re1 g4
42. Bg2 Bg5 43. f4 gxf3 44. Nf4 fxg2 45. Rg1 Nxe5 46. Nxe5 Qxe5 47. Kb2 Qxf4
48. Qxf4 Bxf4 0-1

[Event "DEM U12 2011"]
[Site "Oberhof GER"]
[Date "2011.06.16"]
[Round "8"]
[White "Kühn, Kolja"]
[Black "Uffrecht, Luise"]
[Result "1-0"]
[Termination "normal"]
[Board "46"]
[WhiteElo "1273"]
[BlackElo "958"]
[PlyCount "21"]
[WhiteFideId "12938106"]
[EventCountry "GER"]
[EventRounds "11"]
[EventType "swiss"]
[EventDate "2011.06.11"]

1. e4 e5 2. Nf3 Nc6 3. Bc4 Bc5 4. b4 Bxb4 5. c3 Be7 6. d4 d6 7. Qb3 Nh6 8. Bxh6
gxh6 9. Bxf7+ Kf8 10. Bh5 Rg8 11. Qf7# 1-0

[Event "DEM U12 2011"]
[Site "Oberhof GER"]
[Date "2011.06.16"]
[Round "8"]
[White "Ley, Sabrina"]
[Black "Weiten, Anna"]
[Result "1-0"]
[Termination "normal"]
[Board "47"]
[WhiteElo "1156"]
[BlackElo "872"]
[PlyCount "115"]
[WhiteFideId "12938130"]
[BlackFideId "12938203"]
[EventCountry "GER"]
[EventRounds "11"]
[EventType "swiss"]
[EventDate "2011.06.11"]

1. e4 e5 2. Nf3 Nc6 3. Bc4 Nf6 4. d4 exd4 5. O-O Bc5 6. e5 Ne4 7. Re1 d5 8.
exd6 Bf5 9. Nbd2 Bb4 10. a3 Bxd2 11. Nxd2 O-O 12. Nxe4 cxd6 13. Ng3 Qf6 14.
Nxf5 Qxf5 15. Bd2 Ne5 16. Bd5 Rab8 17. Bb4 Rfd8 18. Be4 Qf6 19. c3 dxc3 20.
Bxc3 Qg5 21. Bxe5 dxe5 22. Qf3 Rd6 23. Rad1 Rbd8 24. Rxd6 Rxd6 25. Rd1 Qd8 26.
Rxd6 Qxd6 27. Qd3 Qxd3 28. Bxd3 b6 29. Kf1 Kf8 30. Ke2 h6 31. Ke3 f6 32. Ke4 g5
33. Kd5 Kg7 34. Bf5 h5 35. Kc6 Kh6 36. Kb7 g4 37. Kc6 Kg5 38. Be4 f5 39. Bd3 h4
40. Kd5 e4 41. Be2 g3 42. hxg3 hxg3 43. fxg3 f4 44. Kxe4 fxg3 45. Kf3 Kh4 46.
Kf4 a5 47. b3 a4 48. bxa4 b5 49. Bxb5 Kh5 50. a5 Kh4 51. a6 Kh5 52. a7 Kh4 53.
a8=Q Kh5 54. Qf3+ Kh6 55. Qxg3 Kh7 56. Kf5 Kh8 57. Kf6 Kh7 58. Qg7# 1-0

[Event "DEM U12 2011"]
[Site "Oberhof GER"]
[Date "2011.06.17"]
[Round "9"]
[White "Höglauer, Patrick"]
[Black "Schröder, Kevin"]
[Result "1/2-1/2"]
[Termination "normal"]
[Board "1"]
[WhiteElo "1764"]
[BlackElo "1954"]
[PlyCount "74"]
[WhiteFideId "1270548"]
[BlackFideId "12929840"]
[EventCountry "GER"]
[EventRounds "11"]
[EventType "swiss"]
[EventDate "2011.06.11"]

1. d4 Nf6 2. c4 c5 3. Nf3 cxd4 4. Nxd4 e5 5. Nb3 d5 6. cxd5 Nxd5 7. e4 Nb4 8.
Qxd8+ Kxd8 9. Na3 Be6 10. Be3 Nxa2 11. Nc5 Bxc5 12. Bxc5 Nd7 13. Bd6 Rc8 14.
Bb5 f6 15. O-O a6 16. Bxd7 Kxd7 17. Rfd1 Ke8 18. Rd2 Kf7 19. f4 exf4 20. Bxf4
Nc1 21. Rb1 Nb3 22. Rd6 b5 23. Rxa6 Bc4 24. e5 Nd4 25. Nxc4 Rxc4 26. Re1 Re8
27. Bg3 Rc6 28. Rxc6 Nxc6 29. exf6 Rxe1+ 30. Bxe1 Kxf6 31. Bc3+ Kf7 32. Kf2 b4
33. Bd2 Ke6 34. Ke2 Kd5 35. Kd3 Ne5+ 36. Kc2 Nc6 37. Kd3 Ne5+ 1/2-1/2

[Event "DEM U12 2011"]
[Site "Oberhof GER"]
[Date "2011.06.17"]
[Round "9"]
[White "Baskin, Robert"]
[Black "Bergauz, Noam"]
[Result "1-0"]
[Termination "normal"]
[Board "2"]
[WhiteElo "1940"]
[BlackElo "1591"]
[PlyCount "89"]
[WhiteFideId "24662402"]
[BlackFideId "12938033"]
[EventCountry "GER"]
[EventRounds "11"]
[EventType "swiss"]
[EventDate "2011.06.11"]

1. e4 c6 2. d4 d5 3. Nc3 b5 4. a3 dxe4 5. Nxe4 Bf5 6. Ng3 Bg6 7. h4 h6 8. Nf3
Nd7 9. d5 cxd5 10. Qxd5 a6 11. Bf4 Ngf6 12. Qd2 e6 13. c4 bxc4 14. Bxc4 Be7 15.
h5 Bh7 16. O-O O-O 17. Qe2 Qb6 18. b4 a5 19. Be3 Qb7 20. b5 Bd6 21. Nd4 Bxg3
22. fxg3 Be4 23. Nb3 Rfc8 24. Rac1 a4 25. Nd2 Bd5 26. Bxd5 Nxd5 27. Ne4 Rxc1
28. Bxc1 Qb6+ 29. Qf2 Qxf2+ 30. Rxf2 Ne5 31. Rc2 Rb8 32. Bf4 Nxf4 33. gxf4 Nd3
34. Nd6 Nxf4 35. Rc4 Nxh5 36. Rxa4 Nf6 37. Ra6 Nd5 38. a4 Rd8 39. Rc6 Ne7 40.
Ra6 Nd5 41. Nc4 Nf6 42. Rd6 Rc8 43. b6 Ne8 44. b7 Nxd6 45. Nxd6 1-0

[Event "DEM U12 2011"]
[Site "Oberhof GER"]
[Date "2011.06.17"]
[Round "9"]
[White "Péczely, Sebastian Zsomber"]
[Black "Lagunow, Raphael"]
[Result "0-1"]
[Termination "normal"]
[Board "3"]
[WhiteElo "1967"]
[BlackElo "1711"]
[PlyCount "58"]
[WhiteFideId "750964"]
[BlackFideId "24652644"]
[EventCountry "GER"]
[EventRounds "11"]
[EventType "swiss"]
[EventDate "2011.06.11"]

1. e4 c5 2. Nf3 Nc6 3. d4 cxd4 4. Nxd4 g6 5. c4 Bg7 6. Be3 Nf6 7. Nc3 O-O 8.
Be2 d6 9. O-O Bd7 10. f3 Nxd4 11. Bxd4 Bc6 12. Qd2 Nd7 13. Bxg7 Kxg7 14. Rad1
a5 15. h3 Nc5 16. g3 Qb6 17. Kh2 Rfc8 18. Nd5 Bxd5 19. cxd5 Qb4 20. b3 Rc7 21.
Qb2+ f6 22. Kg2 Rac8 23. Bc4 Nxe4 24. a3 Qb6 25. fxe4 Rxc4 26. Rc1 a4 27. b4
Qe3 28. Rce1 Rc2+ 29. Kh1 Qxg3 0-1

[Event "DEM U12 2011"]
[Site "Oberhof GER"]
[Date "2011.06.17"]
[Round "9"]
[White "Kollars, Dmitrij"]
[Black "Dürr, Florian"]
[Result "1-0"]
[Termination "normal"]
[Board "4"]
[WhiteElo "1830"]
[BlackElo "1819"]
[PlyCount "67"]
[WhiteFideId "12909572"]
[BlackFideId "24659134"]
[EventCountry "GER"]
[EventRounds "11"]
[EventType "swiss"]
[EventDate "2011.06.11"]

1. e4 Nc6 2. d4 d5 3. e5 Bf5 4. c3 e6 5. Bd3 Nge7 6. Ne2 Qd7 7. Ng3 Bg6 8. Be3
O-O-O 9. O-O f6 10. f4 Bxd3 11. Qxd3 h5 12. Nd2 h4 13. Ne2 Nf5 14. b4 Be7 15.
a4 fxe5 16. fxe5 g5 17. a5 Rh5 18. Rfb1 Rdh8 19. b5 Nb8 20. b6 axb6 21. axb6 c6
22. Nb3 c5 23. dxc5 d4 24. c6 Qxc6 25. Nbxd4 Qd5 26. Rb5 Qd7 27. Qc4+ Kd8 28.
Ra8 Qc8 29. Nxe6+ Kd7 30. Rd5+ Bd6 31. Nc5+ Kd8 32. Rxd6+ Nxd6 33. Qd5 g4 34.
Qxd6+ 1-0

[Event "DEM U12 2011"]
[Site "Oberhof GER"]
[Date "2011.06.17"]
[Round "9"]
[White "Mager, Denis"]
[Black "Perske, Thore"]
[Result "0-1"]
[Termination "normal"]
[Board "5"]
[WhiteElo "1741"]
[BlackElo "1830"]
[PlyCount "110"]
[WhiteFideId "24691127"]
[BlackFideId "12902195"]
[EventCountry "GER"]
[EventRounds "11"]
[EventType "swiss"]
[EventDate "2011.06.11"]

1. d4 Nf6 2. c4 g6 3. Nc3 Bg7 4. e4 d6 5. f4 c5 6. d5 O-O 7. Bd3 e6 8. dxe6
Bxe6 9. f5 Bd7 10. Nf3 Re8 11. O-O Bc6 12. Qc2 Nbd7 13. Nd5 Bxd5 14. exd5 Qc7
15. fxg6 hxg6 16. Bg5 Nh7 17. h4 Nxg5 18. Nxg5 Ne5 19. h5 Qe7 20. Nf3 Nxd3 21.
Qxd3 Qe3+ 22. Qxe3 Rxe3 23. hxg6 fxg6 24. Rae1 Rae8 25. b3 Bd4 26. Rxe3 Bxe3+
27. Kh1 Kg7 28. Re1 Rh8+ 29. Nh2 Bf4 30. Re7+ Kf6 31. Rxb7 Rxh2+ 32. Kg1 Rh8
33. Rxa7 Be3+ 34. Kf1 Rh1+ 35. Ke2 Bd4 36. Rd7 Be5 37. Rb7 Ra1 38. a4 g5 39.
Rb8 Kf5 40. Kf3 Rf1+ 41. Ke2 Rc1 42. a5 Ra1 43. Ra8 Ra3 44. a6 Ke4 45. a7 Ra2+
46. Kf1 g4 47. g3 Kd3 48. Rg8 Rxa7 49. Rxg4 Rb7 50. Rh4 Rxb3 51. g4 Kxc4 52.
g5+ Kxd5 53. g6 Rg3 54. Rh6 Bg7 55. Rh5+ Ke6 0-1

[Event "DEM U12 2011"]
[Site "Oberhof GER"]
[Date "2011.06.17"]
[Round "9"]
[White "Schmekel, Florian"]
[Black "Flüchter, Gregor"]
[Result "0-1"]
[Termination "normal"]
[Board "6"]
[WhiteElo "1544"]
[BlackElo "1822"]
[PlyCount "86"]
[WhiteFideId "12913456"]
[BlackFideId "12903396"]
[EventCountry "GER"]
[EventRounds "11"]
[EventType "swiss"]
[EventDate "2011.06.11"]

1. d4 d5 2. c4 e6 3. Nc3 Be7 4. cxd5 exd5 5. Nf3 c6 6. Bf4 Bf5 7. e3 Nf6 8. Bd3
Bxd3 9. Qxd3 O-O 10. O-O Nbd7 11. Rab1 a5 12. Qc2 Rc8 13. a3 Re8 14. b4 axb4
15. axb4 b5 16. Ne5 Nb6 17. Nd3 Nc4 18. Ra1 Bd6 19. Bxd6 Qxd6 20. Ne2 Ng4 21.
Ng3 Re6 22. h3 Ngxe3 23. fxe3 Qxg3 24. Rf3 Qc7 25. Qf2 Qe7 26. Re1 Qc7 27. Nc5
Ree8 28. Ra1 Ra8 29. Ra2 Rxa2 30. Qxa2 h6 31. Qf2 Ra8 32. g4 Ra1+ 33. Kg2 Qa7
34. Kg3 Ra2 35. Rxf7 Qb8+ 36. Qf4 Qxf4+ 37. Rxf4 Nxe3 38. Ne6 Ra8 39. Nc5 Nc2
40. Nd3 Ra3 41. Rf3 Nxd4 42. Re3 Nc2 43. Rf3 Rb3 0-1

[Event "DEM U12 2011"]
[Site "Oberhof GER"]
[Date "2011.06.17"]
[Round "9"]
[White "Böhning, Kilian"]
[Black "Petrashov, Alexander"]
[Result "1-0"]
[Termination "normal"]
[Board "7"]
[WhiteElo "1708"]
[BlackElo "1644"]
[PlyCount "59"]
[WhiteFideId "1270499"]
[BlackFideId "24662461"]
[EventCountry "GER"]
[EventRounds "11"]
[EventType "swiss"]
[EventDate "2011.06.11"]

1. e4 e6 2. d4 d5 3. exd5 exd5 4. Bd3 Bd6 5. Nc3 Ne7 6. Nge2 Nbc6 7. Nb5 Bf5 8.
c3 Qd7 9. Nxd6+ Qxd6 10. Bf4 Qd7 11. Qd2 f6 12. O-O-O O-O-O 13. Ng3 Bxd3 14.
Qxd3 Ng6 15. Bd2 Na5 16. b3 Nh4 17. Rhg1 Qd6 18. Kb1 Qb6 19. Kc2 Nc6 20. Nf5
Nxf5 21. Qxf5+ Kb8 22. Rge1 Qa5 23. Kb2 Qb6 24. Re6 a5 25. Rde1 a4 26. Qd3 axb3
27. axb3 Ne5 28. R1xe5 fxe5 29. Rxb6 e4 30. Qg3 1-0

[Event "DEM U12 2011"]
[Site "Oberhof GER"]
[Date "2011.06.17"]
[Round "9"]
[White "Schmidt, Tobias"]
[Black "Vogel, Roven"]
[Result "0-1"]
[Termination "normal"]
[Board "8"]
[WhiteElo "1580"]
[BlackElo "1759"]
[PlyCount "60"]
[WhiteFideId "1271683"]
[BlackFideId "12908088"]
[EventCountry "GER"]
[EventRounds "11"]
[EventType "swiss"]
[EventDate "2011.06.11"]

1. e4 d6 2. d4 Nf6 3. Nc3 g6 4. f3 Bg7 5. Be3 c6 6. Qd2 b5 7. Bh6 O-O 8. Bxg7
Kxg7 9. g4 Nbd7 10. h4 e5 11. h5 Qe7 12. Nce2 Nb6 13. Ng3 Be6 14. b3 a5 15.
N1e2 a4 16. Nc1 Qc7 17. Qg5 h6 18. Qd2 g5 19. Bg2 d5 20. Qe3 exd4 21. Qf2 c5
22. Nf5+ Bxf5 23. exf5 Rfe8+ 24. Kd1 Re3 25. Re1 Rae8 26. Rxe3 dxe3 27. Qe2 c4
28. b4 d4 29. a3 Nbd5 30. Qf1 Nc3+ 0-1

[Event "DEM U12 2011"]
[Site "Oberhof GER"]
[Date "2011.06.17"]
[Round "9"]
[White "Ovsepyan, Arshak"]
[Black "Kreyssig, Bruno"]
[Result "1-0"]
[Termination "normal"]
[Board "9"]
[WhiteElo "1950"]
[BlackElo "1587"]
[PlyCount "57"]
[WhiteFideId "24690236"]
[BlackFideId "4692489"]
[EventCountry "GER"]
[EventRounds "11"]
[EventType "swiss"]
[EventDate "2011.06.11"]

1. e4 c5 2. Nc3 Nc6 3. f4 g6 4. Nf3 Bg7 5. Bb5 Nd4 6. e5 Nxb5 7. Nxb5 a6 8. Nc3
b6 9. d4 Bb7 10. d5 d6 11. O-O Qc7 12. Qe2 O-O-O 13. Ng5 Nh6 14. e6 Bd4+ 15.
Be3 Bxe3+ 16. Qxe3 f6 17. Nf3 Nf5 18. Qd2 h5 19. Ne4 h4 20. c4 Rh5 21. a3 Rdh8
22. b4 Ng7 23. Qe3 Nf5 24. Qf2 Nh6 25. Rab1 Ng4 26. Qe2 Rf5 27. h3 Nh6 28. Nxh4
Rh5 29. Nxg6 1-0

[Event "DEM U12 2011"]
[Site "Oberhof GER"]
[Date "2011.06.17"]
[Round "9"]
[White "Köhn, Lennart"]
[Black "Scholz, Robert"]
[Result "0-1"]
[Termination "normal"]
[Board "12"]
[WhiteElo "1554"]
[BlackElo "1643"]
[PlyCount "102"]
[WhiteFideId "12938041"]
[BlackFideId "1270301"]
[EventCountry "GER"]
[EventRounds "11"]
[EventType "swiss"]
[EventDate "2011.06.11"]

1. e4 e5 2. Nf3 Nc6 3. Bc4 Bc5 4. c3 Nf6 5. d3 d6 6. Bb3 O-O 7. Nbd2 Be6 8. h3
a6 9. Nf1 Qe7 10. Bc2 d5 11. Qe2 dxe4 12. dxe4 Rad8 13. Ng3 b5 14. b3 Rd6 15.
O-O b4 16. Bb2 bxc3 17. Bxc3 Nd7 18. Nf5 Bxf5 19. exf5 Re8 20. Nh2 Bd4 21. Qe1
Bxc3 22. Qxc3 Nd4 23. Qb2 Qg5 24. Be4 Nxf5 25. Nf3 Qf6 26. Rac1 c5 27. Bxf5
Qxf5 28. Qc2 Qf4 29. Rfd1 Ree6 30. Rxd6 Rxd6 31. Rd1 Qf6 32. Rxd6 Qxd6 33. Qe4
h6 34. Qa8+ Kh7 35. Qe4+ g6 36. Qc4 Kg7 37. Nh4 Qd4 38. Nf3 Qxc4 39. bxc4 Kf6
40. Kf1 Ke6 41. Ke2 Nb6 42. Kd3 e4+ 43. Kxe4 Nxc4 44. Kd3 Ne5+ 45. Nxe5 Kxe5
46. Kc4 Kd6 47. f4 f5 48. h4 Kc6 49. a3 Kd6 50. Kb3 Kd5 51. Ka4 c4 0-1

[Event "DEM U12 2011"]
[Site "Oberhof GER"]
[Date "2011.06.17"]
[Round "9"]
[White "Graf, Clara Victoria"]
[Black "Nguyen, Huy Dat"]
[Result "1-0"]
[Termination "normal"]
[Board "13"]
[WhiteElo "1710"]
[BlackElo "1537"]
[PlyCount "163"]
[WhiteFideId "1270339"]
[BlackFideId "12923486"]
[EventCountry "GER"]
[EventRounds "11"]
[EventType "swiss"]
[EventDate "2011.06.11"]

1. e4 c5 2. Nf3 Nc6 3. Bb5 g6 4. Bxc6 dxc6 5. h3 Bg7 6. d3 Nf6 7. Nc3 O-O 8.
Be3 Qa5 9. Qd2 Nd7 10. Bh6 Rd8 11. Bxg7 Kxg7 12. O-O-O b5 13. Kb1 b4 14. Ne2
Qb5 15. g4 Nb6 16. Rdg1 h6 17. h4 c4 18. Nfd4 Qc5 19. Qe3 Qd6 20. e5 Qd5 21.
Qe4 cxd3 22. cxd3 Qxe4 23. dxe4 Bb7 24. Nb3 Rac8 25. Nc5 Ba8 26. Rd1 Nc4 27. e6
Ne5 28. exf7 Kxf7 29. g5 h5 30. Nd4 Rd6 31. Ndb3 Nf3 32. Rd3 Rxd3 33. Nxd3 Rd8
34. Kc2 Nd4+ 35. Nxd4 Rxd4 36. f3 a5 37. Kd2 Rd6 38. Ke3 Ke6 39. Rc1 Kd7 40.
Rc5 a4 41. Ra5 Bb7 42. Rxa4 b3 43. Nc5+ Kc7 44. Nxb3 Rd1 45. Nd2 Rh1 46. e5
Re1+ 47. Kf4 Rd1 48. Ne4 Rh1 49. Kg3 Rg1+ 50. Kf2 Rh1 51. Kg2 Rxh4 52. Nc5 Rxa4
53. Nxa4 Ba6 54. Nc5 Kb6 55. Nd7+ Kc7 56. Nf8 Bd3 57. Ne6+ Kb6 58. Nf4 Bf5 59.
Ne2 c5 60. Ng3 Bb1 61. a3 Kb5 62. e6 Ba2 63. f4 h4 64. Nf1 Bxe6 65. Ne3 Bf7 66.
Kh3 e6 67. Kxh4 Ka5 68. Kg3 Kb5 69. Kf3 Kc6 70. Ke4 Kd6 71. Nc4+ Ke7 72. Ne5
Be8 73. b3 Kd6 74. Nc4+ Ke7 75. Ke5 Bc6 76. a4 Ba8 77. a5 Bh1 78. a6 Bc6 79. a7
Bb7 80. Nb6 Bc6 81. a8=Q Bxa8 82. Nxa8 1-0

[Event "DEM U12 2011"]
[Site "Oberhof GER"]
[Date "2011.06.17"]
[Round "9"]
[White "Pallas, Sebastian"]
[Black "Urban, Konstantin"]
[Result "1-0"]
[Termination "normal"]
[Board "14"]
[WhiteElo "1813"]
[BlackElo "1648"]
[PlyCount "71"]
[WhiteFideId "12905453"]
[BlackFideId "12927511"]
[EventCountry "GER"]
[EventRounds "11"]
[EventType "swiss"]
[EventDate "2011.06.11"]

1. e4 e5 2. Nf3 Nc6 3. d4 exd4 4. Nxd4 Bc5 5. Nxc6 Qf6 6. Qf3 Qxf3 7. gxf3 bxc6
8. h4 h5 9. Bf4 d6 10. Nd2 Ne7 11. Nb3 Bb6 12. Bg3 O-O 13. O-O-O Be6 14. Be2 a5
15. c4 a4 16. Nd4 a3 17. b3 Bc8 18. Nc2 Bb7 19. Ne3 Rfe8 20. Rhe1 Ba5 21. Rg1
Kh8 22. f4 g6 23. Bd3 Red8 24. f5 d5 25. Be5+ Kh7 26. fxg6+ fxg6 27. exd5 cxd5
28. cxd5 Ba6 29. Nc4 Bb4 30. Bxc7 Rd7 31. d6 Bxc4 32. Bxc4 Nf5 33. Be6 Rg7 34.
Bxf5 gxf5 35. Rxg7+ Kxg7 36. d7 1-0

[Event "DEM U12 2011"]
[Site "Oberhof GER"]
[Date "2011.06.17"]
[Round "9"]
[White "Scheinhütte, Jakob"]
[Black "Sawlin, Leonid"]
[Result "1-0"]
[Termination "normal"]
[Board "15"]
[WhiteElo "1587"]
[BlackElo "1920"]
[PlyCount "59"]
[WhiteFideId "24693944"]
[BlackFideId "4689542"]
[EventCountry "GER"]
[EventRounds "11"]
[EventType "swiss"]
[EventDate "2011.06.11"]

1. e4 e6 2. Nf3 d5 3. Nc3 Nf6 4. e5 Nfd7 5. d4 c5 6. dxc5 Nc6 7. Bf4 Bxc5 8.
Bd3 a6 9. O-O Qc7 10. Qe2 b5 11. Bg3 Nb6 12. a3 Nc4 13. Rab1 Bd7 14. Nxd5 exd5
15. e6 Qd8 16. exd7+ Kf8 17. Bf5 Nb6 18. Bh4 Be7 19. Bxe7+ Nxe7 20. Bh3 Nxd7
21. Nd4 Nf6 22. g3 h6 23. Rfe1 Ra7 24. Qe3 Rc7 25. Qd3 g6 26. a4 bxa4 27. Qxa6
Ne4 28. Rxe4 dxe4 29. Qf6 Kg8 30. Ne6 1-0

[Event "DEM U12 2011"]
[Site "Oberhof GER"]
[Date "2011.06.17"]
[Round "9"]
[White "Riehle, Marco"]
[Black "Kololli, Kevin"]
[Result "1-0"]
[Termination "normal"]
[Board "16"]
[WhiteElo "1747"]
[BlackElo "1596"]
[PlyCount "71"]
[WhiteFideId "12904392"]
[BlackFideId "12936863"]
[EventCountry "GER"]
[EventRounds "11"]
[EventType "swiss"]
[EventDate "2011.06.11"]

1. e4 c6 2. c4 d5 3. exd5 cxd5 4. cxd5 Nf6 5. Nc3 Nxd5 6. Nf3 Nc6 7. Bb5 e6 8.
O-O Be7 9. d4 O-O 10. Bd3 a6 11. a3 b5 12. Qc2 f5 13. Nxb5 axb5 14. Qxc6 Bd7
15. Qc2 Nb4 16. Qb1 Nxd3 17. Qxd3 b4 18. Ne5 Be8 19. Bd2 Qa5 20. Qb3 Qb6 21.
Bxb4 Rb8 22. Rad1 Bxb4 23. axb4 Qd6 24. Nd3 Bf7 25. Nc5 e5 26. dxe5 Qxe5 27.
Qf3 Be8 28. Rd2 Rf6 29. h3 Bc6 30. Qb3+ Kh8 31. Nd7 Bxd7 32. Rxd7 Qb5 33. Rfd1
Rff8 34. Qc3 Rf6 35. Qg3 g6 36. Qc7 1-0

[Event "DEM U12 2011"]
[Site "Oberhof GER"]
[Date "2011.06.17"]
[Round "9"]
[White "Angrick, Philipp"]
[Black "Brandl, Lea Maria"]
[Result "1/2-1/2"]
[Termination "normal"]
[Board "17"]
[WhiteElo "1834"]
[BlackElo "1546"]
[PlyCount "75"]
[WhiteFideId "12912298"]
[BlackFideId "24693049"]
[EventCountry "GER"]
[EventRounds "11"]
[EventType "swiss"]
[EventDate "2011.06.11"]

1. e4 c5 2. c3 d5 3. exd5 Qxd5 4. d4 e6 5. Nf3 Nf6 6. Bf4 Nc6 7. Be3 cxd4 8.
cxd4 Be7 9. Nc3 Qd6 10. Be2 O-O 11. O-O b6 12. Qa4 Bb7 13. Rfd1 Rac8 14. Nb5
Qb8 15. d5 Nxd5 16. Rxd5 exd5 17. Bf4 Qa8 18. Nc7 Rxc7 19. Bxc7 Qc8 20. Qf4 Qd7
21. Bb5 Rc8 22. Ne5 Qxc7 23. Qxf7+ Kh8 24. Nxc6 Bxc6 25. Bxc6 Qxc6 26. Qxe7
Qc1+ 27. Qe1 Qxb2 28. h3 d4 29. Rd1 Qc3 30. Qe6 Rd8 31. Qe7 Qc8 32. Qxa7 Qc5
33. Qa4 h6 34. Qb3 b5 35. Rd3 Qc4 36. Kf1 Kg8 37. Ke2 Kf7 38. a4 1/2-1/2

[Event "DEM U12 2011"]
[Site "Oberhof GER"]
[Date "2011.06.17"]
[Round "9"]
[White "Reimers, Juri"]
[Black "Krüger, David"]
[Result "1-0"]
[Termination "normal"]
[Board "18"]
[WhiteElo "1675"]
[BlackElo "1810"]
[PlyCount "81"]
[WhiteFideId "24661511"]
[BlackFideId "12921858"]
[EventCountry "GER"]
[EventRounds "11"]
[EventType "swiss"]
[EventDate "2011.06.11"]

1. e4 e5 2. Nf3 Nc6 3. d4 exd4 4. Nxd4 Bb4+ 5. c3 Bc5 6. Be3 Bb6 7. Bc4 Nf6 8.
O-O O-O 9. Nd2 d6 10. Qc2 Re8 11. f3 Nd7 12. Bf2 Nde5 13. Bd5 Ne7 14. Bh4 Be6
15. Bxb7 Rb8 16. Ba6 N5c6 17. Bf2 Bxd4 18. Bxd4 Nxd4 19. cxd4 c6 20. Nb3 Qb6
21. Bc4 d5 22. exd5 Nxd5 23. Rfe1 a5 24. Bxd5 cxd5 25. Rab1 g6 26. Qc5 Qxc5 27.
dxc5 Bf5 28. Rxe8+ Rxe8 29. Rd1 Re2 30. Rd2 Re1+ 31. Kf2 Rh1 32. Rxd5 a4 33.
Nd4 Bb1 34. Ne2 Bxa2 35. Rd6 Rb1 36. c6 Rxb2 37. c7 Be6 38. Rxe6 fxe6 39. c8=Q+
Kf7 40. Qd7+ Kf8 41. Qxa4 1-0